000 00797nam a2200217Ii 4500
003 JO-AjNU
008 230605s9999||||xx |||||||||||||| ||und||
017 _a2011/4/1340
020 _a978-9957-24-749-2
040 _aJO-AjNU
_bara
_erda
_cJO-AjNU
041 _aara
050 1 4 _aZ696.D52.A4479 2012
100 3 _aعليان ، ربحي مصطفى، م. مشارك الشوابكة ،يونس احمد ,
_eauthor
_950493
245 0 0 _aمبادئ التصنيف (وفق نظام تصنيف ديوي العشري)
264 3 1 _aعمان :دار الصفاء لنشر والتوزيع ، 2012
300 _a399ص
336 _atext
_btxt
_2rdacontent
337 _aunmediated
_bn
_2rdamedia
338 _avolume
_bnc
_2rdacarrier
650 4 _aالمكتبات-مبادئ التصنيف
_950494
999 _aA22246
_c25814
_d25814